| 000 | 00873nam a22002177a 4500 | ||
|---|---|---|---|
| 001 | EIF-V-2003-M1-023 | ||
| 003 | OSt | ||
| 005 | 20221109153211.0 | ||
| 008 | 221109b |||||||| |||| 00| 0 eng d | ||
| 040 |
_aFundación Jesús Pereda _cFundación Jesús Pereda |
||
| 041 | _aCastellano | ||
| 100 |
_aOrella Martínez, José Luis _9423 |
||
| 111 |
_aEncuentro de Investigadores del Franquismo _c(Albacete. _d2003. _n5º) _997 |
||
| 245 |
_aEl origen ideológico del personal del primer franquismo: _bel equipo de Burgos _c/José Luis Orella Martínez |
||
| 650 | 0 |
_9153 _aIdeología política |
|
| 650 | 0 |
_9123 _aPrimer franquismo |
|
| 651 | 0 |
_9225 _aCastilla y León _zBurgos |
|
| 773 | _tActas del V Encuentro de Investigadores del Franquismo | ||
| 856 | _uhttps://bibliotecaccoocyl.fundacionjesuspereda.es/cgi-bin/koha/opac-retrieve-file.pl?id=2137866db1617fe29b910867fbfedb9b | ||
| 942 |
_2ddc _cCF _n0 |
||
| 999 |
_c248 _d248 |
||